| 000 | 00384pab a2200157 454500 | ||
|---|---|---|---|
| 008 | 180718b1998 xxu||||| |||| 00| 0 eng d | ||
| 100 | _aBanerjee, Mukta | ||
| 245 | _aWomen in local governance: macro myths, micro realities | ||
| 260 | _c1998 | ||
| 300 | _ap.87-100 | ||
| 362 | _aMar | ||
| 650 | _aLocal government | ||
| 650 | _aWomen | ||
| 773 | _aSocial Change | ||
| 909 | _a43032 | ||
| 999 |
_c43032 _d43032 |
||